Modelování v mechanice 2019 : sborník příspěvků vědecké konference. Ostrava, ČR, 23. - 24. 5. 2019

Salvato in:
Dettagli Bibliografici
Ente Autore: Modelování v mechanice 2019 Ostrava, Česká republika
Natura: Atti del Convegno Libro
Lingua:ceco
inglese
Pubblicazione: Ostrava : VŠB-TU Ostrava, Fakulta stavební, 2019
Edizione:1. vyd.
Tags: Aggiungi Tag
Nessun Tag, puoi essere il primo ad aggiungerne!!

MARC

LEADER 00000nam a22000003a 4500
001 0073517
003 SK-STU
005 20190816093456.1
007 ta
008 150602s ----xo-----e------100-0-----d
020 |a 978-80-248-4297-4 
040 |a STU  |b slo 
041 0 |a cze  |a eng 
044 |a xr 
111 2 |a Modelování v mechanice 2019  |n 17.  |d 23. - 24. 5. 2019  |c Ostrava, Česká republika 
245 1 0 |a Modelování v mechanice 2019 :  |b sborník příspěvků vědecké konference. Ostrava, ČR, 23. - 24. 5. 2019  |h [elektronický zdroj] 
246 3 1 |a Modelling in mechanics 2019 :  |b proceedings of scientific conference 
250 |a 1. vyd. 
260 |a Ostrava :  |b VŠB-TU Ostrava, Fakulta stavební,  |c 2019 
300 |a USB kľúč, 186 s. 
996 |c V* 889/A  |l VV14  |s P  |a 0  |w 0073517_0001